Normal view MARC view

Entry Topical Term

Number of records used in: 10

001 - CONTROL NUMBER

  • control field: 25455

003 - CONTROL NUMBER IDENTIFIER

  • control field: dpl

005 - DATE AND TIME OF LATEST TRANSACTION

  • control field: 20110121115307.0

008 - FIXED-LENGTH DATA ELEMENTS

  • fixed length control field: 110121|||a|||||| | ||| d

040 ## - CATALOGING SOURCE

  • Original cataloging agency: dpl
  • Transcribing agency: dpl

150 ## - HEADING--TOPICAL TERM

  • Topical term or geographic name as entry element: Time management.

670 ## - SOURCE DATA FOUND

  • Source citation: Work cat.: (dpl): Matthews, Carole 25452, Microsoft Office Outlook 2010 quicksteps /, 2010

670 ## - SOURCE DATA FOUND

  • Source citation: Work cat.: (dpl): Matthews, Carole 25452, Microsoft Office Outlook 2010 quicksteps /, 2010

© Delhi Public Library
Hit Counter
free hit counter